[Event "Tenerife-chT Segunda 1920"]
[Site "Tenerife"]
[Date "2020.02.15"]
[Round "7.1"]
[White "Quijada Dominguez, Francisco"]
[Black "Brito Rodriguez, Cristian"]
[Result "0-1"]
[WhiteElo "1464"]
[BlackElo "1649"]
[PlyCount "90"]
[EventDate "2019.11.30"]
[EventType "team-tourn"]
[EventRounds "14"]
[EventCountry "ESP"]
[SourceTitle "CBM 195 Extra"]
[Source "ChessBase"]
[SourceDate "2020.05.31"]
[SourceVersion "1"]
[SourceVersionDate "2020.05.31"]
[SourceQuality "1"]
[WhiteTeam "Circulo de Amistad XII Enero II"]
[BlackTeam "Benito"]
[WhiteTeamCountry "ESP"]
[BlackTeamCountry "ESP"]

1. d4 Nf6 2. c4 g6 3. Nc3 Bg7 4. e4 d6 5. Nf3 0-0 6. a3 e5 7. d5 Nbd7 8. Be3 Ne8 9. Qd2 f5 10. Bh6 f4 11. Bxg7 Kxg7 12. Be2 h6 13. 0-0-0 Nef6 14. Rdf1 Nc5 15. Qc2 Rb8 16. Nd2 a6 17. Na4 Nxa4 18. Qxa4 Bd7 19. Qc2 c5 20. f3 b5 21. b3 bxc4 22. Bxc4 Bb5 23. g3 Nh5 24. g4 Nf6 25. h4 Nd7 26. Kd1 Bxc4 27. Nxc4 Nb6 28. Na5 Qc7 29. Nc6 Rb7 30. Ke2 Nd7 31. Rb1 Nb8 32. Nxb8 Rfxb8 33. Rb2 Qa5 34. a4 Rb4 35. Rhb1 Qb6 36. Qc3 c4 37. Rc2 Rxb3 38. Rxb3 Qxb3 39. Qxc4 Qe3+ 40. Kd1 Rb1+ 41. Rc1 Qxf3+ 42. Kd2 Qe3+ 43. Kd1 Qxc1+ 44. Qxc1 Rxc1+ 45. Kxc1 a5 0-1

[Event "Tenerife-chT Primera 1819"]
[Site "Tenerife"]
[Date "2019.03.23"]
[Round "11.1"]
[White "Brito Rodriguez, Cristian"]
[Black "Diaz Reyes, Franklin"]
[Result "1-0"]
[WhiteElo "1633"]
[BlackElo "1848"]
[PlyCount "55"]
[EventDate "2018.11.24"]
[EventType "team-tourn"]
[EventRounds "14"]
[EventCountry "ESP"]
[SourceTitle "CBM 189 Extra"]
[Source "ChessBase"]
[SourceDate "2019.06.03"]
[SourceVersion "1"]
[SourceVersionDate "2019.06.03"]
[SourceQuality "1"]
[WhiteTeam "Benito"]
[BlackTeam "Fundacion La Caja de Canarias II"]
[WhiteTeamCountry "ESP"]
[BlackTeamCountry "ESP"]

1. c4 e6 2. Nc3 d5 3. cxd5 exd5 4. d4 Be7 5. Bf4 Nf6 6. Nf3 c6 7. e3 Bf5 8. Qb3 Qb6 9. h3 h5 10. Be2 Ne4 11. 0-0 g5 12. Nxe4 gxf4 13. Nc3 fxe3 14. fxe3 Qc7 15. Rac1 Be6 16. Ne5 b6 17. Qa4 Bg5 18. Rf3 f6 19. Nb5 Qg7 20. Nxc6 Kf8 21. Qb4+ Kg8 22. Ne7+ Kh7 23. Bd3+ Kh6 24. Nc7 Nd7 25. Nxe6 Qf7 26. Nf5+ Kh7 27. Nd6+ Kg8 28. Nxf7 1-0

[Event "Tenerife-chT Primera 1819"]
[Site "Tenerife"]
[Date "2019.01.12"]
[Round "4.1"]
[White "Diaz Reyes, Franklin"]
[Black "Brito Rodriguez, Cristian"]
[Result "0-1"]
[WhiteElo "1848"]
[BlackElo "1633"]
[PlyCount "57"]
[EventDate "2018.11.24"]
[EventType "team-tourn"]
[EventRounds "14"]
[EventCountry "ESP"]
[SourceTitle "CBM 189 Extra"]
[Source "ChessBase"]
[SourceDate "2019.06.03"]
[SourceVersion "1"]
[SourceVersionDate "2019.06.03"]
[SourceQuality "1"]
[WhiteTeam "Fundacion La Caja de Canarias II"]
[BlackTeam "Benito"]
[WhiteTeamCountry "ESP"]
[BlackTeamCountry "ESP"]

1. e4 e6 2. Nf3 d5 3. exd5 exd5 4. d4 Nc6 5. Bb5 Bd6 6. c4 a6 7. Bxc6+ bxc6 8. c5 Be7 9. Ne5 Bb7 10. Qh5 g6 11. Qf3 f6 12. Nd3 Qd7 13. Bf4 g5 14. Qh5+ Kd8 15. Qf7 gxf4 16. Qg7 Qe6+ 17. Kd2 Kd7 18. Re1 Qf5 19. Qxh8 Qg6 20. Nxf4 Qf7 21. Ne6 Bf8 22. Kc3 Bh6 23. Ng7 Qg6 24. Ne8 Rxe8 25. Rxe8 Kxe8 26. Nd2 Kf7 27. Nf3 Bg7 28. Nh4 Qh5 29. Qxg7+ 0-1

[Event "Tenerife-chT Segunda 1718"]
[Site "Tenerife"]
[Date "2018.03.03"]
[Round "11.2"]
[White "Hernandez Alonso, Pedro"]
[Black "Brito Rodriguez, Cristian"]
[Result "0-1"]
[WhiteElo "1181"]
[BlackElo "1602"]
[PlyCount "80"]
[EventDate "2017.11.11"]
[EventType "team-tourn"]
[EventRounds "14"]
[EventCountry "ESP"]
[SourceTitle "EXT 2019"]
[Source "ChessBase"]
[SourceDate "2018.10.10"]
[SourceVersion "1"]
[SourceVersionDate "2018.10.10"]
[SourceQuality "1"]
[WhiteTeam "Playa San Juan"]
[BlackTeam "Benito"]
[WhiteTeamCountry "ESP"]
[BlackTeamCountry "ESP"]

1. d4 Nf6 2. Bf4 g6 3. Nf3 Bg7 4. e3 0-0 5. Be2 d6 6. h3 c5 7. dxc5 dxc5 8. 0-0 Nd5 9. Nc3 Nxc3 10. bxc3 Bxc3 11. Rb1 Nc6 12. Rb3 Qa5 13. Qd3 Bg7 14. Ra3 Qd8 15. Qc4 b6 16. Rd1 Qe8 17. Qa4 e5 18. Bb5 Bb7 19. Bh2 Qe6 20. Ng5 Qc8 21. Ne4 a6 22. Bxc6 Qxc6 23. Qxc6 Bxc6 24. f3 f5 25. Ng5 Rfd8 26. Rad3 Bf6 27. h4 h6 28. Nh3 Ba4 29. Rd6 Kf7 30. Nf2 Bxc2 31. R1d2 Ba4 32. Bxe5 Rxd6 33. Bxd6 Rd8 34. Rd3 c4 35. Ra3 Rxd6 36. Rxa4 b5 37. Ra3 c3 38. Rb3 c2 39. Nd3 Rxd3 40. Rxd3 c1Q+ 0-1

[Event "Tenerife Navidad op 27th"]
[Site "Tenerife"]
[Date "2016.12.21"]
[Round "3"]
[White "Martinez Rojas, Carlos Jose"]
[Black "Brito Rodriguez, Cristian"]
[Result "1-0"]
[WhiteElo "1985"]
[BlackElo "1573"]
[PlyCount "43"]
[EventDate "2016.12.19"]
[EventType "swiss"]
[EventRounds "9"]
[EventCountry "ESP"]
[SourceTitle "CBM 176 Extra"]
[Source "ChessBase"]
[SourceDate "2017.03.02"]
[SourceVersion "1"]
[SourceVersionDate "2017.03.02"]
[SourceQuality "1"]

1. e4 d6 2. d4 Nf6 3. Nc3 g6 4. f4 Bg7 5. Nf3 0-0 6. Bd3 c5 7. dxc5 dxc5 8. e5 Nd5 9. Nxd5 Qxd5 10. Qe2 e6 11. 0-0 Nc6 12. c3 b6 13. Rd1 Qd7 14. Bxg6 Qe7 15. Bc2 f5 16. exf6 Rxf6 17. Qe4 Bb7 18. Qxh7+ Kf8 19. Ne5 Nxe5 20. fxe5 Rf7 21. Bh6 Bxh6 22. Qh8# 1-0

[Event "Santa Cruz de Tenerife op"]
[Site "Santa Cruz de Tenerife"]
[Date "2016.08.25"]
[Round "9"]
[White "Hernandez Cabrera, Javier"]
[Black "Brito Rodriguez, Cristian"]
[Result "1/2-1/2"]
[WhiteElo "1628"]
[BlackElo "1549"]
[PlyCount "72"]
[EventDate "2016.08.08"]
[EventType "swiss"]
[EventRounds "9"]
[EventCountry "ESP"]
[SourceTitle "CBM 174 Extra"]
[Source "ChessBase"]
[SourceDate "2016.10.10"]
[SourceVersion "1"]
[SourceVersionDate "2016.10.10"]
[SourceQuality "1"]

1. e4 d6 2. d4 g6 3. Nc3 Bg7 4. f4 Nf6 5. Be2 0-0 6. Be3 Nbd7 7. h3 e5 8. fxe5 dxe5 9. d5 Ne8 10. Nf3 Nd6 11. 0-0 f5 12. Ng5 Nf6 13. exf5 Nxf5 14. Bc5 Nd6 15. Bf3 Kh8 16. Qd2 h6 17. Nge4 Bf5 18. Ng3 Nd7 19. Be3 Nc4 20. Qc1 Nxe3 21. Qxe3 Bxc2 22. Nge4 Bxe4 23. Bxe4 g5 24. Rxf8+ Bxf8 25. Kh1 Bc5 26. Qe2 Nf6 27. Bc2 Qe7 28. Rf1 Rd8 29. Qf3 Rf8 30. Qd3 Bd4 31. Qg6 Qg7 32. Qd3 a6 33. Rf5 Kg8 34. Qc4 Kh8 35. Qd3 Kg8 36. Qc4 Kh8 1/2-1/2

[Event "Santa Cruz de Tenerife op"]
[Site "Santa Cruz de Tenerife"]
[Date "2016.08.23"]
[Round "7"]
[White "Rodriguez Redondo, Adhara"]
[Black "Brito Rodriguez, Cristian"]
[Result "1-0"]
[WhiteElo "1686"]
[BlackElo "1549"]
[PlyCount "152"]
[EventDate "2016.08.08"]
[EventType "swiss"]
[EventRounds "9"]
[EventCountry "ESP"]
[SourceTitle "CBM 174 Extra"]
[Source "ChessBase"]
[SourceDate "2016.10.10"]
[SourceVersion "1"]
[SourceVersionDate "2016.10.10"]
[SourceQuality "1"]

1. e4 d6 2. d4 g6 3. Nf3 Bg7 4. Nc3 Nf6 5. Be2 0-0 6. 0-0 e5 7. dxe5 dxe5 8. Qxd8 Rxd8 9. Bg5 Re8 10. Rad1 c6 11. Rfe1 h6 12. Bh4 Nbd7 13. b4 Bf8 14. Rb1 a5 15. bxa5 Rxa5 16. Bd3 g5 17. Bg3 Nh5 18. Nd2 b5 19. Ra1 Bb4 20. Ncb1 Nxg3 21. hxg3 Nc5 22. Bf1 Na4 23. Re3 Bc5 24. Nb3 Bxe3 25. Nxa5 Bd4 26. c3 Nxc3 27. Nxc6 Nxe4 28. Nxd4 exd4 29. Bxb5 Re5 30. a4 Bf5 31. Na3 Nc3 32. Rc1 Bd7 33. Rxc3 dxc3 34. Bxd7 Re1+ 35. Kh2 Ra1 36. Nc2 Ra2 37. Bf5 Rxa4 38. g4 Kg7 39. Ne3 Ra2 40. Kg3 Rd2 41. Kf3 Kf6 42. g3 Rd4 43. Nc2 Rd5 44. Ke3 h5 45. Be4 Re5 46. gxh5 g4 47. Kf4 Rxh5 48. Kxg4 Rc5 49. f4 Ke6 50. Nd4+ Kd6 51. Kf3 Rc4 52. Ke3 Kc5 53. Nc2 Kd6 54. Kd3 Rc8 55. Nd4 Ke7 56. Bd5 Kf6 57. g4 Rc5 58. Bc4 Kg6 59. Kxc3 f5 60. g5 Rc8 61. Kd3 Kh5 62. Be6 Rd8 63. Bxf5 Rd5 64. Ke4 Ra5 65. Ke3 Rd5 66. Ke4 Ra5 67. Ne6 Ra4+ 68. Ke5 Ra5+ 69. Kf6 Ra6 70. Bg6+ Kg4 71. Bf7 Ra8 72. g6 Kh5 73. g7+ Kh6 74. g8Q Rxg8 75. Bxg8 Kh5 76. f5 Kh6 1-0

[Event "Santa Cruz de Tenerife op"]
[Site "Santa Cruz de Tenerife"]
[Date "2016.08.12"]
[Round "5"]
[White "Loriente del Real, Alberto"]
[Black "Brito Rodriguez, Cristian"]
[Result "0-1"]
[WhiteElo "1298"]
[BlackElo "1549"]
[PlyCount "46"]
[EventDate "2016.08.08"]
[EventType "swiss"]
[EventRounds "9"]
[EventCountry "ESP"]
[SourceTitle "CBM 174 Extra"]
[Source "ChessBase"]
[SourceDate "2016.10.10"]
[SourceVersion "1"]
[SourceVersionDate "2016.10.10"]
[SourceQuality "1"]

1. Nf3 c5 2. g3 g6 3. Bg2 Bg7 4. d3 Nc6 5. Bd2 d6 6. Bc3 e5 7. e3 Bg4 8. 0-0 Nge7 9. Qd2 b5 10. a3 a5 11. b4 axb4 12. axb4 Rxa1 13. Bxa1 Nxb4 14. Nc3 Qb6 15. d4 Bxf3 16. Bxf3 cxd4 17. exd4 Nbc6 18. dxe5 Nxe5 19. Be2 0-0 20. Nxb5 Qxb5 21. Bxb5 Nf3+ 22. Kg2 Nxd2 23. Bxg7 Kxg7 0-1

[Event "Tenerife-chT Segunda 1516"]
[Site "Tenerife"]
[Date "2016.05.21"]
[Round "15.2"]
[White "Brito Rodriguez, Cristian"]
[Black "Marin Dorta, Alejandro"]
[Result "1-0"]
[WhiteElo "1509"]
[BlackElo "1278"]
[PlyCount "43"]
[EventDate "2015.12.12"]
[EventType "team-tourn"]
[EventRounds "15"]
[EventCountry "ESP"]
[SourceTitle "EXT 2018"]
[Source "ChessBase"]
[SourceDate "2017.10.13"]
[SourceVersion "1"]
[SourceVersionDate "2017.10.13"]
[SourceQuality "1"]
[WhiteTeam "Benito"]
[BlackTeam "Casa de Venezuela II"]
[WhiteTeamCountry "ESP"]
[BlackTeamCountry "ESP"]

1. d4 Nf6 2. c4 g6 3. Nc3 Bg7 4. e4 d6 5. f3 0-0 6. Be3 e5 7. d5 Nfd7 8. g4 Nb6 9. Qd2 Bd7 10. 0-0-0 Ba4 11. b3 Bd7 12. h4 f5 13. gxf5 gxf5 14. Qg2 f4 15. Bd2 Kh8 16. Nh3 a5 17. Bd3 a4 18. Rdg1 Rg8 19. Ng5 Qe7 20. Nxh7 Kxh7 21. Qg6+ Kh8 22. Qh5+ 1-0

[Event "Santa Cruz CajaCanarias op"]
[Site "Santa Cruz"]
[Date "2016.05.20"]
[Round "9"]
[White "Brito Rodriguez, Cristian"]
[Black "Calvo Nobrega, Joaquin Manuel"]
[Result "0-1"]
[WhiteElo "1560"]
[BlackElo "1690"]
[PlyCount "64"]
[EventDate "2016.04.27"]
[EventType "swiss"]
[EventRounds "9"]
[EventCountry "ESP"]
[SourceTitle "CBM 172 Extra"]
[Source "ChessBase"]
[SourceDate "2016.06.21"]
[SourceVersion "1"]
[SourceVersionDate "2016.06.21"]
[SourceQuality "1"]

1. d4 d5 2. c4 e5 3. dxe5 d4 4. Nf3 Nc6 5. a3 Bg4 6. Bf4 Nge7 7. h3 Bxf3 8. exf3 Ng6 9. Bh2 Ngxe5 10. Be2 d3 11. Bf1 Qe7 12. Bxd3 Nxd3+ 13. Kf1 0-0-0 14. Nd2 Qc5 15. Bg3 Nxb2 16. Qc2 Qd4 17. Qf5+ Kb8 18. Ne4 Qxc4+ 19. Kg1 Nd4 20. Qg5 f6 21. Qa5 Ne2+ 22. Kh2 Nxg3 23. Nxg3 Nd3 24. Rhd1 Bd6 25. Rab1 h5 26. Kg1 Qd4 27. Ne4 Rhe8 28. Qb5 b6 29. Rb3 Qe5 30. Qxe5 Nxe5 31. a4 Nc4 32. Rd4 Bh2+ 0-1

[Event "Santa Cruz CajaCanarias op"]
[Site "Santa Cruz"]
[Date "2016.05.16"]
[Round "7"]
[White "Brito Rodriguez, Cristian"]
[Black "Loriente del Real, Alberto"]
[Result "1-0"]
[WhiteElo "1560"]
[BlackElo "1313"]
[PlyCount "63"]
[EventDate "2016.04.27"]
[EventType "swiss"]
[EventRounds "9"]
[EventCountry "ESP"]
[SourceTitle "CBM 172 Extra"]
[Source "ChessBase"]
[SourceDate "2016.06.21"]
[SourceVersion "1"]
[SourceVersionDate "2016.06.21"]
[SourceQuality "1"]

1. d4 d5 2. c4 e6 3. Nc3 Nf6 4. cxd5 exd5 5. Bg5 Be7 6. Nf3 h6 7. Bf4 c6 8. h3 Bf5 9. e3 Nbd7 10. Bd3 Ne4 11. Qc2 Bb4 12. 0-0 Ndf6 13. a3 Bd6 14. Bxd6 Qxd6 15. Ne5 Qe6 16. b4 Bxh3 17. gxh3 Qxh3 18. Nxe4 Ng4 19. Nxg4 dxe4 20. Be2 f5 21. Ne5 0-0 22. Qc4+ Kh8 23. Ng6+ Kh7 24. Nxf8+ Kh8 25. Ng6+ Kh7 26. Nf4 Qh4 27. Rfd1 Rf8 28. Qe6 Qg5+ 29. Kf1 Rf6 30. Qd7 Qh4 31. Ke1 Qh1+ 32. Kd2 1-0

[Event "Santa Cruz CajaCanarias op"]
[Site "Santa Cruz"]
[Date "2016.05.09"]
[Round "5"]
[White "Brito Rodriguez, Cristian"]
[Black "Molina Rodriguez, Borja"]
[Result "0-1"]
[WhiteElo "1560"]
[BlackElo "2170"]
[PlyCount "62"]
[EventDate "2016.04.27"]
[EventType "swiss"]
[EventRounds "9"]
[EventCountry "ESP"]
[SourceTitle "CBM 172 Extra"]
[Source "ChessBase"]
[SourceDate "2016.06.21"]
[SourceVersion "1"]
[SourceVersionDate "2016.06.21"]
[SourceQuality "1"]

1. d4 Nf6 2. c4 e6 3. a3 c5 4. d5 b5 5. Nc3 exd5 6. cxd5 b4 7. axb4 cxb4 8. Na2 Bb7 9. Bg5 Bc5 10. Nh3 0-0 11. e3 d6 12. Be2 Nbd7 13. 0-0 h6 14. Bxf6 Qxf6 15. Qd2 a5 16. Nf4 Nb6 17. e4 Rfe8 18. Bd3 Rec8 19. b3 Bd4 20. Rac1 Nd7 21. Ne2 Bb6 22. Bc4 Rc5 23. Kh1 Ne5 24. Bd3 Nxd3 25. Qxd3 Ba6 26. Qd2 Rac8 27. f3 Qe5 28. Rfe1 Bb5 29. Nd4 Rxc1 30. Rxc1 Rxc1+ 31. Nxc1 Qxd4 0-1

[Event "Tenerife-chT Segunda 1516"]
[Site "Tenerife"]
[Date "2016.02.20"]
[Round "7.2"]
[White "Dos Reis Cabrera, Jose Manuel"]
[Black "Brito Rodriguez, Cristian"]
[Result "0-1"]
[WhiteElo "1231"]
[BlackElo "1509"]
[PlyCount "104"]
[EventDate "2015.12.12"]
[EventType "team-tourn"]
[EventRounds "15"]
[EventCountry "ESP"]
[SourceTitle "EXT 2017"]
[Source "ChessBase"]
[SourceDate "2016.10.25"]
[SourceVersion "1"]
[SourceVersionDate "2016.10.25"]
[SourceQuality "1"]
[WhiteTeam "Circulo de Amistad II"]
[BlackTeam "Benito"]
[WhiteTeamCountry "ESP"]
[BlackTeamCountry "ESP"]

1. e4 c5 2. c3 d6 3. d4 Nf6 4. Bd3 e6 5. Nf3 Nc6 6. 0-0 Be7 7. Bg5 0-0 8. Re1 cxd4 9. cxd4 Nb4 10. Nc3 Nxd3 11. Qxd3 a6 12. Rac1 b5 13. a3 Bb7 14. e5 Nd7 15. Bxe7 Qxe7 16. exd6 Qxd6 17. Ne4 Bxe4 18. Qxe4 Nf6 19. Qh4 Rfd8 20. Red1 Ra7 21. Ne5 Rc7 22. Rxc7 Qxc7 23. Qf4 h6 24. Qd2 Ne4 25. Qe2 Nd6 26. b3 Nf5 27. Nf3 Qc3 28. Qd3 Qxd3 29. Rxd3 e5 30. Nxe5 Rxd4 31. g3 f6 32. Rxd4 Nxd4 33. Nd3 Nxb3 34. Nb4 a5 35. Nc2 Kf7 36. Kf1 Ke6 37. Ke2 Ke5 38. Kd3 Nc5+ 39. Ke3 Na6 40. Nd4 b4 41. Nc6+ Kf5 42. axb4 axb4 43. h3 Ke6 44. Nd4+ Ke5 45. Nb3 Kd5 46. Kd3 Nc5+ 47. Nxc5 Kxc5 48. Kc2 Kc4 49. Kb2 Kd3 50. f4 Ke3 51. f5 Kf3 52. g4 Kg3 0-1

[Event "Santa Cruz de Tenerife-ch U18"]
[Site "Santa Cruz de Tenerife"]
[Date "2016.01.29"]
[Round "7.5"]
[White "Brito Rodriguez, Cristian"]
[Black "Diaz Reyes, Killian"]
[Result "1-0"]
[WhiteElo "1509"]
[BlackElo "1211"]
[PlyCount "47"]
[EventDate "2016.01.15"]
[EventType "swiss"]
[EventRounds "7"]
[EventCountry "ESP"]
[SourceTitle "EXT 2024"]
[Source "ChessBase"]
[SourceDate "2023.10.10"]
[SourceVersion "1"]
[SourceVersionDate "2023.10.10"]
[SourceQuality "1"]

1. d4 d5 2. c4 e6 3. Nc3 Nf6 4. cxd5 exd5 5. Bg5 Be6 6. Nf3 Nc6 7. e3 a6 8. Bd3 Be7 9. h3 h6 10. Bf4 Qd7 11. 0-0 0-0-0 12. Ne5 Nxe5 13. Bxe5 Rdg8 14. a3 h5 15. b4 Bxh3 16. gxh3 Qxh3 17. Qc2 Qg4+ 18. Bg3 Qg5 19. Ne4 Qxg3+ 20. Nxg3 h4 21. Rfc1 c6 22. Nf5 Bf8 23. Bxa6 h3 24. Qxc6+ 1-0

[Event "Santa Cruz de Tenerife-ch U18"]
[Site "Santa Cruz de Tenerife"]
[Date "2016.01.18"]
[Round "2.2"]
[White "Rodriguez Redondo, Ethan"]
[Black "Brito Rodriguez, Cristian"]
[Result "1-0"]
[WhiteElo "1812"]
[BlackElo "1509"]
[PlyCount "53"]
[EventDate "2016.01.15"]
[EventType "swiss"]
[EventRounds "7"]
[EventCountry "ESP"]
[SourceTitle "EXT 2024"]
[Source "ChessBase"]
[SourceDate "2023.10.10"]
[SourceVersion "1"]
[SourceVersionDate "2023.10.10"]
[SourceQuality "1"]

1. Nf3 f5 2. g3 Nf6 3. Bg2 g6 4. 0-0 Bg7 5. c4 0-0 6. Nc3 d6 7. d4 Nc6 8. d5 Na5 9. Qd3 c5 10. Re1 e5 11. e4 fxe4 12. Nxe4 Nxe4 13. Qxe4 Bf5 14. Qe2 Bg4 15. h3 Bxf3 16. Bxf3 Nxc4 17. Bg4 Qf6 18. h4 h6 19. Kg2 e4 20. Bf4 Ne5 21. Be6+ Kh8 22. Qxe4 g5 23. hxg5 hxg5 24. Rh1+ Bh6 25. Bxe5 dxe5 26. Rxh6+ Qxh6 27. Rh1 1-0